| 000 | 01049cam a2200313 i 4500 | ||
|---|---|---|---|
| 001 | 43899 | ||
| 003 | Mx-PuUPA | ||
| 005 | 20240516131742.0 | ||
| 008 | 140415s2013 ck gr 000 0 spa d | ||
| 020 | _a9789587620894 | ||
| 040 |
_cMx-PuUPA _aMx-PuUPA _bspa _dMx-PuUPA _erda |
||
| 041 | 0 | _aspa | |
| 100 | 1 |
_aPallerola Comamala, Joan, _915667 _eautor |
|
| 245 | 1 | 0 |
_aAuditoría : _benfoque teórico - práctico / _cJoan Pallerola Comamala, Enric Monfort Aguilar |
| 250 |
_aPrimera edición / _benero |
||
| 264 | 1 |
_aBogotá, Colombia : _bEdiciones de la U, _c2013 |
|
| 300 |
_a258 páginas ; _c24 cm |
||
| 336 |
_2rdacontent _atexto _btxt |
||
| 337 |
_2rdamedia _asin medio _bn |
||
| 338 |
_2rdacarrier _avolumen _bnc |
||
| 650 | 7 |
_2armarc _aIntroducción a la auditoría |
|
| 650 | 7 |
_2armarc _aAuditoría fiscal |
|
| 650 | 7 |
_2armarc _aPlanificación |
|
| 650 | 7 |
_2armarc _aContabilidad |
|
| 700 | 1 |
_aMonfort Aguilar, Enric, _eautor |
|
| 942 |
_2ddc _cLI _h657.45 _iP153 |
||
| 999 |
_c43899 _d43899 |
||